[Event "TURNIEJ O PUCHAR UKS PALAC MLODZIEZY KATOWICE Z OKAZJI DNIA NIEPODLEGLOSCI"]
[Site "Centrum Kongresow i Rekreacji Orle Gniazdo ul. Wrzosowa 28a, Szczyrk"]
[Date "1899-12-30"]
[Round "7.24"]
[White "Pedrak, Paulina"]
[Black "Laszczuk, Zuzanna"]
[Result "1-0"]
[WhiteTitle "I"]
[BlackTitle "I"]
[WhiteElo "1497"]
[BlackElo "1229"]

1. e4 e5 2. Nf3 Nc6 3. Bb5 f5 4. exf5 e4 5. Ng1 Bc5 6. Qe2 d5 7. d3 Bxf5 8. Nc3
Nf6 9. Bg5 Bb4 10. Bd2 Qe7 11. f3 e3 12. Qxe3 d4 13. Qxe7+ Kxe7 14. Nce2 Bxd2+
15. Kxd2 Nb4 16. Nxd4 Bg6 17. a3 Nbd5 18. Nh3 c6 19. Bc4 Rhe8 20. Ne2 Kf8 21.
Nhf4 Ne3 22. Nxg6+ hxg6 23. g3 Rad8 24. Kc3 b5 25. Bb3 Ned5+ 26. Bxd5 Nxd5+ 27.
Kd2 Re3 28. f4 Re7 29. Nd4 a6 30. Nxc6 Rde8 31. Nxe7 Rxe7 32. Rhe1 Rxe1 33. Rxe1
Kf7 34. Re5 Kf6 35. Rxd5 Ke6 36. Rc5 Kd6 37. Rc8 Ke7 38. Rc6 a5 39. Rxg6 Kf7 40.
Rg5 a4 41. Rxb5 Kf6 42. Rb4 1-0

[Event "TURNIEJ O PUCHAR UKS PALAC MLODZIEZY KATOWICE Z OKAZJI DNIA NIEPODLEGLOSCI"]
[Site "Centrum Kongresow i Rekreacji Orle Gniazdo ul. Wrzosowa 28a, Szczyrk"]
[Date "1899-12-30"]
[Round "7.26"]
[White "Matyszkiewicz, Wiktor"]
[Black "Dzwierzynski, Bartosz"]
[Result "0-1"]
[WhiteTitle "I"]
[BlackTitle "II"]
[WhiteElo "1589"]
[BlackElo "1435"]

1. d4 d5 2. c4 e6 3. Nc3 f5 4. Nf3 c6 5. e3 Nf6 6. Bd3 Bd6 7. Bd2 O-O 8. Qc2 Ne4
9. Ne5 Nd7 10. f4 Qh4+ 11. g3 Nxg3 12. O-O-O Nxh1 13. Rxh1 Bxe5 14. fxe5 b6 15.
Be1 Qh6 16. Qf2 Ba6 17. b3 dxc4 18. bxc4 Rac8 19. Bd2 Qg6 20. Rg1 Qf7 21. Qg3
Kh8 22. e4 f4 23. Qf3 b5 24. c5 Rb8 25. Ne2 Bc8 26. Ba5 b4 27. Bc7 Ra8 28. Bd6
Rg8 29. Nxf4 g5 30. Qh5 Qxf4+ 31. Kc2 Qf2+ 32. Kb3 Qxg1 33. Be7 a5 34. Bf6+ Nxf6
35. exf6 a4+ 36. Kb2 Ba6 37. Bxa6 Rxa6 38. f7 Qf2+ 39. Kb1 Rf8 40. Qxg5 Qxf7 41.
Qe5+ Qg7 42. Qxe6 Qg1+ 43. Kc2 Qf2+ 44. Kc1 Qf1+ 45. Kc2 Rf2# 0-1

[Event "TURNIEJ O PUCHAR UKS PALAC MLODZIEZY KATOWICE Z OKAZJI DNIA NIEPODLEGLOSCI"]
[Site "Centrum Kongresow i Rekreacji Orle Gniazdo ul. Wrzosowa 28a, Szczyrk"]
[Date "1899-12-30"]
[Round "7.27"]
[White "Rudecki, Bartosz"]
[Black "Skowron, Mateusz"]
[Result "1-0"]
[WhiteTitle "II+"]
[BlackTitle "I"]
[WhiteElo "1738"]
[BlackElo "1448"]

1. e4 c6 2. d4 d5 3. f3 dxe4 4. fxe4 Nf6 5. Nc3 Bg4 6. Be2 Bxe2 7. Ngxe2 e6 8.
O-O Be7 9. e5 Nd5 10. Ne4 Nd7 11. c4 Nc7 12. c5 Nd5 13. a3 b6 14. b4 a5 15. Bd2
O-O 16. Nf4 axb4 17. axb4 bxc5 18. bxc5 Qc7 19. Qg4 Kh8 20. Rxa8 Rxa8 21. Nxd5
exd5 22. Rxf7 Bf8 23. Rxd7 Ra1+ 24. Kf2 Qb8 25. Nd6 Qb2 26. Qf4 Bxd6 27. Rd8+
1-0

[Event "TURNIEJ O PUCHAR UKS PALAC MLODZIEZY KATOWICE Z OKAZJI DNIA NIEPODLEGLOSCI"]
[Site "Centrum Kongresow i Rekreacji Orle Gniazdo ul. Wrzosowa 28a, Szczyrk"]
[Date "1899-12-30"]
[Round "7.28"]
[White "Dyrda, Jakub"]
[Black "Guzik, Michal"]
[Result "1-0"]
[WhiteTitle "II"]
[BlackTitle "II"]
[WhiteElo "1575"]
[BlackElo "1298"]

1. d4 c5 2. e4 d6 3. d5 e6 4. c4 Nf6 5. Nc3 b6 6. f4 Bb7 7. Nf3 Nbd7 8. Bd3 Be7
9. O-O O-O 10. Qe2 Re8 11. e5 dxe5 12. fxe5 Nh5 13. d6 Bh4 14. Nxh4 Qxh4 15. Bd2
Qd4+ 16. Kh1 Nxe5 17. Bxh7+ Kf8 18. Qxh5 Qxd2 19. Be4 Bxe4 20. Qh8# Qd4 1-0

[Event "TURNIEJ O PUCHAR UKS PALAC MLODZIEZY KATOWICE Z OKAZJI DNIA NIEPODLEGLOSCI"]
[Site "Centrum Kongresow i Rekreacji Orle Gniazdo ul. Wrzosowa 28a, Szczyrk"]
[Date "1899-12-30"]
[Round "7.29"]
[White "Ossolinska, Matylda"]
[Black "Wolak, Kamil"]
[Result "1-0"]
[WhiteTitle "I"]
[BlackTitle "II"]
[WhiteElo "1460"]
[BlackElo "1520"]

1. e4 c5 2. Nf3 Nc6 3. d4 cxd4 4. Nxd4 e5 5. Nb3 Nf6 6. Nc3 Bb4 7. Bd3 Bxc3+ 8.
bxc3 d5 9. exd5 Qxd5 10. O-O Qd8 11. Ba3 Ne7 12. Re1 O-O 13. Rxe5 Re8 14. Qe2
Be6 15. Nd4 Ned5 16. Nxe6 fxe6 17. Rxe6 Nxc3 18. Rxe8+ Qxe8 19. Bc4+ Kh8 20. Qf3
Nce4 21. Bd3 Ng5 22. Qxb7 a5 23. Rb1 Nd7 24. h3 Qb8 25. Qxb8+ Rxb8 26. Rxb8+ Nxb8
27. Bb5 Kg8 28. Bd6 Ne6 29. Bxb8 1-0

[Event "TURNIEJ O PUCHAR UKS PALAC MLODZIEZY KATOWICE Z OKAZJI DNIA NIEPODLEGLOSCI"]
[Site "Centrum Kongresow i Rekreacji Orle Gniazdo ul. Wrzosowa 28a, Szczyrk"]
[Date "1899-12-30"]
[Round "7.30"]
[White "Krzysztynska, Anna"]
[Black "Mytych, Wiktoria"]
[Result "1-0"]
[WhiteTitle "I"]
[BlackTitle "I"]
[WhiteElo "1487"]
[BlackElo "1332"]

1. e4 c6 2. d4 d5 3. e5 Bf5 4. Nf3 e6 5. Be3 Nd7 6. Bd3 Bxd3 7. Qxd3 Ne7 8. Nc3
Nf5 9. O-O Be7 10. Ne2 O-O 11. Ng3 Nxe3 12. fxe3 c5 13. c3 c4 14. Qc2 Bg5 15.
e4 Nb6 16. Nxg5 Qxg5 17. exd5 Nxd5 18. Rf3 b5 19. Ne4 Qe7 20. Raf1 h6 21. Rg3
Kh8 22. Rgf3 Kg8 23. Qf2 b4 24. Qg3 bxc3 25. bxc3 Rab8 26. Nf6+ Kh8 27. Nh5 g6
28. Nf6 Nxf6 29. exf6 Qa3 30. Qh4 Kh7 31. Rh3 h5 32. Qg5 Qb2 33. Rxh5+ gxh5 34.
Qg7# 1-0

[Event "TURNIEJ O PUCHAR UKS PALAC MLODZIEZY KATOWICE Z OKAZJI DNIA NIEPODLEGLOSCI"]
[Site "Centrum Kongresow i Rekreacji Orle Gniazdo ul. Wrzosowa 28a, Szczyrk"]
[Date "1899-12-30"]
[Round "7.31"]
[White "Olsztynski, Andrzej"]
[Black "Kawalko, Adam"]
[Result "0-1"]
[WhiteTitle "II"]
[BlackTitle "II+"]
[WhiteElo "1420"]
[BlackElo "1703"]

1. e4 c5 2. Nf3 e6 3. d4 cxd4 4. Nxd4 a6 5. c4 Qc7 6. Nc3 Nf6 7. Bd3 Bb4 8. O-O
O-O 9. a3 Bxc3 10. bxc3 Nc6 11. Qc2 Ne5 12. Bf4 d6 13. Bxe5 dxe5 14. Nf3 Bd7 15.
Rfd1 Bc6 16. Re1 Rac8 17. Rab1 Rfd8 18. Bf1 Nd7 19. Nd2 Nc5 20. f3 Rd7 21. Kh1
Rcd8 22. Red1 Qd6 23. Nb3 Qxd1 24. Rxd1 Rxd1 25. Kg1 Ba4 26. Qxd1 Rxd1 27. Nxc5
Bc6 28. Kf2 Rc1 29. a4 Rxc3 30. Be2 Ra3 31. Bd1 Ra2+ 32. Ke3 Rxg2 33. h3 Rg3 34.
Bb3 Rxh3 35. Kf2 Rh2+ 36. Kg3 Rb2 37. f4 exf4+ 38. Kxf4 Rxb3 39. Nxb3 Bxa4 40.
Nd4 Bd7 41. Ke5 Kf8 42. Kd6 Ke8 43. Nb3 b6 44. c5 b5 45. c6 Bc8 46. c7 h5 47.
Nc5 h4 48. Nxa6 Bxa6 0-1

[Event "TURNIEJ O PUCHAR UKS PALAC MLODZIEZY KATOWICE Z OKAZJI DNIA NIEPODLEGLOSCI"]
[Site "Centrum Kongresow i Rekreacji Orle Gniazdo ul. Wrzosowa 28a, Szczyrk"]
[Date "1899-12-30"]
[Round "7.32"]
[White "Kietrys, Maciej"]
[Black "Wisniewski, Jacek"]
[Result "1-0"]
[WhiteTitle "II"]
[BlackTitle "k"]
[WhiteElo "1285"]
[BlackElo "1702"]

1. e4 e5 2. Nf3 Nc6 3. Bc4 Nf6 4. d3 h6 5. Nc3 g6 6. h3 Bg7 7. Be3 O-O 8. O-O Kh7
9. d4 d6 10. dxe5 Nxe5 11. Nxe5 dxe5 12. Qxd8 Rxd8 13. Rad1 Be6 14. Bxe6 fxe6
15. Nb5 Ne8 16. a3 a6 17. Nc3 Nd6 18. b3 Bf6 19. f3 Kg7 20. Na4 b6 21. Nc3 h5
22. Ne2 Nb5 23. a4 Nd4 24. Bxd4 exd4 25. Rd3 e5 26. f4 c5 27. fxe5 Bxe5 28. Nf4
Bxf4 29. Rxf4 b5 30. axb5 axb5 31. Kf2 c4 32. bxc4 bxc4 33. Rd2 Ra5 34. e5 Rxe5
35. Rfxd4 Rf8+ 36. Kg1 Re1+ 37. Kh2 c3 38. Rd1 Re2 39. Rc4 Rxc2 40. Rd3 Rff2 41.
Rcxc3 Rxg2+ 42. Kh1 Rh2+ 43. Kg1 Rcg2+ 44. Kf1 Ra2 45. Kg1 Rhb2 46. Rc1 Kh6 47.
Rg3 h4 48. Rf3 g5 49. Re3 Kh5 50. Rd3 Rg2+ 51. Kh1 Rh2+ 52. Kg1 Rag2+ 53. Kf1
Rg3 54. Rxg3 hxg3 55. Kg1 Kh4 56. Rc4+ Kxh3 57. Rc3 Rg2+ 58. Kh1 Ra2 59. Rc1 1-0

[Event "TURNIEJ O PUCHAR UKS PALAC MLODZIEZY KATOWICE Z OKAZJI DNIA NIEPODLEGLOSCI"]
[Site "Centrum Kongresow i Rekreacji Orle Gniazdo ul. Wrzosowa 28a, Szczyrk"]
[Date "1899-12-30"]
[Round "7.33"]
[White "Dytman, Radoslaw"]
[Black "Wasala, Wiktoria"]
[Result "1-0"]
[WhiteTitle "I"]
[BlackTitle "I"]
[WhiteElo "1689"]
[BlackElo "1271"]

1. e4 Nf6 2. e5 Nd5 3. d4 d6 4. c4 Nb6 5. f4 dxe5 6. fxe5 c5 7. d5 e6 8. d6 Qh4+
9. Kd2 Qd4+ 10. Kc2 Qe4+ 11. Qd3 Qxd3+ 12. Bxd3 N8d7 13. Nf3 f6 14. exf6 Nxf6
15. Bf4 Bd7 16. Nc3 O-O-O 17. Rhe1 g6 18. Ng5 Be8 19. Nxe6 Rd7 20. Nxc5 Rd8 21.
Nb5 a6 22. d7+ Bxd7 23. Na7# 1-0

[Event "TURNIEJ O PUCHAR UKS PALAC MLODZIEZY KATOWICE Z OKAZJI DNIA NIEPODLEGLOSCI"]
[Site "Centrum Kongresow i Rekreacji Orle Gniazdo ul. Wrzosowa 28a, Szczyrk"]
[Date "1899-12-30"]
[Round "7.34"]
[White "Dixa, Stanislaw"]
[Black "Guzik, Wojciech"]
[Result "1-0"]
[WhiteTitle "I"]
[BlackTitle "II+"]
[WhiteElo "1667"]
[BlackElo "1256"]

1. e4 d6 2. d4 g6 3. Nc3 Nf6 4. Nf3 Bg7 5. Be2 O-O 6. O-O Nbd7 7. Bf4 Nh5 8. Be3
e5 9. d5 Nhf6 10. h3 a5 11. Bg5 h6 12. Bh4 Kh7 13. Qd2 b6 14. a3 Nc5 15. Qe3 g5
16. Bg3 Ba6 17. Bxa6 Rxa6 18. b4 axb4 19. axb4 Rxa1 20. Rxa1 Qb8 21. bxc5 bxc5
22. Qd3 Qb2 23. Rb1 Qa3 24. Nb5 Qxd3 25. cxd3 Rb8 26. Nc3 Ra8 27. Rb7 Ra1+ 28.
Kh2 Nh5 29. Rxc7 Nxg3 30. Kxg3 h5 31. Nxg5+ Kg6 32. Nxf7 Ra7 1-0

[Event "TURNIEJ O PUCHAR UKS PALAC MLODZIEZY KATOWICE Z OKAZJI DNIA NIEPODLEGLOSCI"]
[Site "Centrum Kongresow i Rekreacji Orle Gniazdo ul. Wrzosowa 28a, Szczyrk"]
[Date "1899-12-30"]
[Round "7.35"]
[White "Raclawicki, Kacper"]
[Black "Kubiak, Aleksandra"]
[Result "1-0"]
[WhiteTitle "I"]
[BlackTitle "II"]
[WhiteElo "1619"]
[BlackElo "1252"]

1. e4 a6 2. d4 b5 3. Nf3 Bb7 4. Bd3 Nf6 5. Nbd2 e6 6. O-O c5 7. c3 cxd4 8. Nxd4
Nc6 9. Re1 Be7 10. N2f3 Rc8 11. Bg5 h6 12. Bh4 b4 13. Nxc6 dxc6 14. cxb4 Bxb4
15. Re2 Be7 16. Rc1 Qa5 17. b3 Rd8 18. Qc2 O-O 19. Bxf6 Bxf6 20. e5 Be7 21. Be4
Rc8 22. h3 Rfd8 23. Rd1 Qb6 24. Red2 Kh8 25. Rxd8+ Rxd8 26. Rxd8+ Bxd8 27. Qd3
Qc7 28. Qd6 Kg8 29. Kf1 g5 30. Nd2 Kg7 31. Nc4 h5 32. Ke2 g4 33. hxg4 hxg4 34.
Ke3 Kh6 35. Qf8+ Kg5 36. Qg7+ Kh5 1-0

[Event "TURNIEJ O PUCHAR UKS PALAC MLODZIEZY KATOWICE Z OKAZJI DNIA NIEPODLEGLOSCI"]
[Site "Centrum Kongresow i Rekreacji Orle Gniazdo ul. Wrzosowa 28a, Szczyrk"]
[Date "1899-12-30"]
[Round "7.36"]
[White "Gredka, Dominika"]
[Black "Smuda, Tomasz"]
[Result "1-0"]
[WhiteTitle "I++"]
[BlackTitle "III"]
[WhiteElo "1614"]
[BlackElo "1213"]

1. e4 e5 2. Nf3 Nc6 3. Bb5 a6 4. Ba4 Bc5 5. O-O d6 6. h3 Bd7 7. c3 Nf6 8. Re1 O-O
9. Bc2 Re8 10. d4 exd4 11. cxd4 Bb6 12. Nc3 h6 13. e5 dxe5 14. dxe5 Nh7 15. Qd3
Nf8 16. a3 Ne7 17. Nd5 Nxd5 18. Qxd5 Bc6 19. Qb3 a5 20. Bf4 Bxf3 21. Qxf3 Ne6
22. Be3 Bxe3 23. Qxe3 Qe7 24. Qe4 Ng5 25. Qxb7 Qc5 26. Bd3 Rad8 27. b4 Qc3 28.
Bb5 Re7 29. Rec1 Qxe5 30. bxa5 Qf6 31. Rxc7 Rxc7 32. Qxc7 Kh7 33. Rc1 Ne6 34.
Qc6 Nd4 35. Qxf6 gxf6 36. Bc4 Rc8 37. Kf1 Nf5 38. Rc2 Nd4 39. Bd3+ Rxc2 1-0

[Event "TURNIEJ O PUCHAR UKS PALAC MLODZIEZY KATOWICE Z OKAZJI DNIA NIEPODLEGLOSCI"]
[Site "Centrum Kongresow i Rekreacji Orle Gniazdo ul. Wrzosowa 28a, Szczyrk"]
[Date "1899-12-30"]
[Round "7.37"]
[White "Karwat, Szymon"]
[Black "Reszka, Zofia"]
[Result "1-0"]
[WhiteTitle "II"]
[BlackTitle "I"]
[WhiteElo "1603"]
[BlackElo "1201"]

1. f4 d5 2. Nf3 Nc6 3. e3 Nf6 4. Bb5 Bd7 5. Bxc6 Bxc6 6. b3 e6 7. Bb2 Bd6 8. O-O
O-O 9. d3 Bd7 10. Nbd2 c5 11. Qe1 Bc6 12. Ne5 Bxe5 13. Bxe5 b5 14. Nf3 a5 15.
Bb2 b4 16. Ne5 Bb5 17. a4 Ba6 18. Qg3 Re8 19. Rad1 d4 20. exd4 cxd4 21. Nc6 Qc7
22. Nxd4 Red8 23. Kh1 Kh8 24. Rd2 Rac8 25. Re1 Bb7 26. Nb5 Qc6 27. Be5 Rd7 28.
Na7 Qb6 29. Nxc8 Bxc8 30. Bxf6 gxf6 31. f5 exf5 32. Re8# 1-0

[Event "TURNIEJ O PUCHAR UKS PALAC MLODZIEZY KATOWICE Z OKAZJI DNIA NIEPODLEGLOSCI"]
[Site "Centrum Kongresow i Rekreacji Orle Gniazdo ul. Wrzosowa 28a, Szczyrk"]
[Date "1899-12-30"]
[Round "7.38"]
[White "Jurkiewicz, Zuzanna"]
[Black "Zyhalko, Konrad"]
[Result "1-0"]
[WhiteTitle "I+"]
[BlackTitle "III"]
[WhiteElo "1551"]
[BlackElo "1173"]

1. e4 c5 2. Nf3 Nc6 3. d4 cxd4 4. Nxd4 g6 5. Nc3 Bg7 6. Be3 e6 7. Qd2 Nge7 8. O-O-O
Rb8 9. f3 a6 10. g4 b5 11. h4 h5 12. gxh5 gxh5 13. Rg1 Bf8 14. Bg5 b4 15. Nxc6
Qb6 16. Nxb8 Qxg1 17. Bb5 Qa7 18. Bxd7+ Bxd7 19. Nxd7 bxc3 20. Nf6# 1-0

[Event "TURNIEJ O PUCHAR UKS PALAC MLODZIEZY KATOWICE Z OKAZJI DNIA NIEPODLEGLOSCI"]
[Site "Centrum Kongresow i Rekreacji Orle Gniazdo ul. Wrzosowa 28a, Szczyrk"]
[Date "1899-12-30"]
[Round "7.39"]
[White "Musin, Oliwia"]
[Black "Klok, Kacper"]
[Result "0-1"]
[WhiteTitle "II"]
[BlackTitle "II"]
[WhiteElo "1171"]
[BlackElo "1489"]

1. d4 f5 2. Bf4 Nf6 3. e3 e6 4. Nf3 h6 5. h3 g5 6. Bg3 c5 7. c4 Qb6 8. b3 Bg7 9.
Be2 Ne4 10. Be5 Bxe5 11. Nxe5 Qb4+ 12. Nd2 cxd4 13. Nd3 Qc3 14. Rc1 Qxd2+ 15.
Qxd2 Nxd2 16. Kxd2 dxe3+ 17. fxe3 Nc6 18. Bh5+ Ke7 19. Bf3 d6 20. Rhf1 Rf8 21.
Be2 e5 22. Nb2 b6 23. a3 Bb7 24. g3 Na5 25. b4 Nb3+ 26. Kc2 Nxc1 27. Kxc1 Rac8
28. Kd2 e4 29. Rd1 Ke6 30. Rf1 a6 31. g4 f4 32. exf4 gxf4 33. Bd1 e3+ 34. Kd3
Ke5 35. c5 0-1

[Event "TURNIEJ O PUCHAR UKS PALAC MLODZIEZY KATOWICE Z OKAZJI DNIA NIEPODLEGLOSCI"]
[Site "Centrum Kongresow i Rekreacji Orle Gniazdo ul. Wrzosowa 28a, Szczyrk"]
[Date "1899-12-30"]
[Round "7.40"]
[White "Obrochta, Lena"]
[Black "Socha, Krzysztof"]
[Result "0-1"]
[WhiteTitle "II+"]
[BlackTitle "II+"]
[WhiteElo "1147"]
[BlackElo "1468"]

1. e4 c5 2. Nc3 Nc6 3. f4 g6 4. Bb5 Bg7 5. Nf3 d6 6. d3 a6 7. Bxc6+ bxc6 8. O-O
Nf6 9. Kh1 O-O 10. Be3 Bg4 11. h3 Bxf3 12. Qxf3 Nd7 13. f5 Ne5 14. Qe2 e6 15.
fxe6 fxe6 16. Bf4 Qd7 17. Bxe5 Bxe5 18. Qg4 Kg7 19. Rab1 Rxf1+ 20. Rxf1 Rf8 21.
Rxf8 Kxf8 22. Qf3+ Kg7 23. Qg4 Bxc3 24. bxc3 Qf7 25. Qe2 Qf6 26. Qe1 Qd8 27. d4
cxd4 28. cxd4 Qb8 29. Kg1 Qb2 30. e5 Qxd4+ 31. Kh1 Qxe5 32. Qxe5+ dxe5 33. Kg1
Kf6 34. Kf2 Kf5 35. Kf3 e4+ 36. Ke3 Ke5 37. g4 h6 38. h4 Kd5 39. g5 h5 40. a3
a5 41. a4 e5 42. c3 c5 43. Kd2 Kc4 44. Kc2 e3 45. Kd1 Kxc3 46. Ke2 Kb2 47. Kxe3
c4 48. Kd2 c3+ 49. Kd3 c2 50. Ke4 c1=Q 51. Kxe5 Qf1 52. Kd5 Qf5+ 53. Kc4 Kc1 54.
Kd4 Kd1 55. Kc4 Ke2 56. Kb3 Qc8 57. Ka3 Qb8 58. Ka2 Kd3 59. Ka3 Kc3 60. Ka2 Qb2#
0-1

[Event "TURNIEJ O PUCHAR UKS PALAC MLODZIEZY KATOWICE Z OKAZJI DNIA NIEPODLEGLOSCI"]
[Site "Centrum Kongresow i Rekreacji Orle Gniazdo ul. Wrzosowa 28a, Szczyrk"]
[Date "1899-12-30"]
[Round "7.41"]
[White "Burzak, Wojciech"]
[Black "Laszczuk, Zofia"]
[Result "1-0"]
[WhiteTitle "I"]
[BlackTitle "II"]
[WhiteElo "1435"]
[BlackElo "1165"]

1. e4 e5 2. Nf3 Nc6 3. Nc3 Bc5 4. Nxe5 d6 5. Nxc6 bxc6 6. d4 Bb4 7. Bd3 Nf6 8.
O-O h6 9. Bd2 Bxc3 10. Bxc3 O-O 11. f4 Bg4 12. Qd2 Qe7 13. Rae1 Rfe8 14. f5 Rab8
15. e5 dxe5 16. dxe5 Nd5 17. f6 Qc5+ 18. Kh1 Nxc3 19. Qxc3 Qd5 20. Bc4 Qc5 21.
Bxf7+ Kxf7 22. Qxc5 Rxb2 23. fxg7+ Kxg7 24. Qf2 Re7 25. Qf6+ Kg8 26. Qxe7 Bh5
27. Rf8# 1-0

[Event "TURNIEJ O PUCHAR UKS PALAC MLODZIEZY KATOWICE Z OKAZJI DNIA NIEPODLEGLOSCI"]
[Site "Centrum Kongresow i Rekreacji Orle Gniazdo ul. Wrzosowa 28a, Szczyrk"]
[Date "1899-12-30"]
[Round "7.42"]
[White "Byra, Aron"]
[Black "Winter, Anna"]
[Result "0-1"]
[WhiteTitle "II"]
[BlackTitle "I"]
[WhiteElo "1135"]
[BlackElo "1423"]

1. e4 d5 2. exd5 Qxd5 3. Nc3 Qd6 4. Nf3 c6 5. Bc4 Nf6 6. d3 Bg4 7. h3 Bh5 8. Be3
e6 9. Ne4 Nxe4 10. dxe4 Qxd1+ 11. Rxd1 Bxf3 12. gxf3 Nd7 13. Ke2 Ne5 14. Bb3 Nd7
15. Rd2 O-O-O 16. Rhd1 Bb4 17. c3 Ba5 18. Bc2 Bb6 19. Bxb6 Nxb6 20. b3 Rxd2+ 21.
Rxd2 Rd8 22. Rxd8+ Kxd8 23. Kd3 Ke7 24. a4 a5 25. Ke3 Nd7 26. b4 axb4 27. cxb4
Nb6 28. a5 Nc4+ 29. Kd4 Nd6 30. e5 Nb5+ 31. Kc5 Kd7 32. Ba4 Nc3 33. Bb3 Nd5 34.
b5 0-1

[Event "TURNIEJ O PUCHAR UKS PALAC MLODZIEZY KATOWICE Z OKAZJI DNIA NIEPODLEGLOSCI"]
[Site "Centrum Kongresow i Rekreacji Orle Gniazdo ul. Wrzosowa 28a, Szczyrk"]
[Date "1899-12-30"]
[Round "7.43"]
[White "Guzik, Kacper"]
[Black "Jeda, Maciej"]
[Result "1-0"]
[WhiteTitle "II"]
[BlackTitle "II"]
[WhiteElo "1404"]
[BlackElo "1137"]

1. e4 e5 2. Nf3 Nc6 3. Bb5 a6 4. Ba4 Nf6 5. O-O Be7 6. Bxc6 bxc6 7. Nxe5 O-O 8.
d3 Bb7 9. Nc3 d6 10. Nf3 d5 11. Re1 d4 12. Ne2 c5 13. Bf4 Bc6 14. Qd2 Rb8 15.
b3 h6 16. Qa5 Rb6 17. Ne5 Bd6 18. Nc4 Rb5 19. Qxa6 Qd7 20. Qa3 Ra8 21. Qc1 Bxf4
22. Nxf4 Qg4 23. Ne5 Qh4 24. Nxc6 Ng4 25. Nh3 Rb6 26. Nxd4 cxd4 27. Qf4 Rf6 28.
Qd2 Re8 29. f3 Ne3 30. c3 Rg6 31. Re2 Ree6 32. cxd4 Nxg2 33. Rxg2 Rxg2+ 34. Qxg2
Rg6 35. Rc1 Qxh3 1-0

[Event "TURNIEJ O PUCHAR UKS PALAC MLODZIEZY KATOWICE Z OKAZJI DNIA NIEPODLEGLOSCI"]
[Site "Centrum Kongresow i Rekreacji Orle Gniazdo ul. Wrzosowa 28a, Szczyrk"]
[Date "1899-12-30"]
[Round "7.44"]
[White "Kulec, Gabriela"]
[Black "Karys, Katarzyna"]
[Result "1/2-1/2"]
[WhiteTitle "II"]
[BlackTitle "II"]
[WhiteElo "1370"]
[BlackElo "1102"]

1. c4 c5 2. Nc3 Nf6 3. Nf3 Nc6 4. g3 e5 5. Bg2 d6 6. e4 Bg4 7. Qc2 Nd4 8. Nxd4
cxd4 9. Nd5 Nxd5 10. cxd5 Rc8 11. Qa4+ Bd7 12. Qxa7 Bb5 13. Qxb7 Rb8 14. Qa7 Ra8
15. Qb7 Rb8 16. Qa7 Ra8 17. Qb7 Rb8 18. Qa7 Ra8 19. Bf1 1/2-1/2

[Event "TURNIEJ O PUCHAR UKS PALAC MLODZIEZY KATOWICE Z OKAZJI DNIA NIEPODLEGLOSCI"]
[Site "Centrum Kongresow i Rekreacji Orle Gniazdo ul. Wrzosowa 28a, Szczyrk"]
[Date "1899-12-30"]
[Round "7.45"]
[White "Jordan, Adam"]
[Black "Piersiak, Krystian"]
[Result "1-0"]
[WhiteTitle "II"]
[BlackTitle "II"]
[WhiteElo "1121"]
[BlackElo "1348"]

1. d4 c5 2. d5 f5 3. c4 g6 4. Nc3 d6 5. Nf3 Bg7 6. Bd2 Nf6 7. e3 Na6 8. a3 Nc7
9. Bd3 a6 10. O-O Bd7 11. Rc1 b5 12. b3 O-O 13. Qe2 Rb8 14. e4 fxe4 15. Nxe4 Nxe4
16. Bxe4 Bf5 17. Bxf5 Rxf5 18. Rfe1 Rf7 19. Bg5 Bf6 20. Bxf6 exf6 21. Qd2 b4 22.
a4 Qd7 23. Re3 Re8 24. Rce1 Rfe7 25. h3 Rxe3 26. Rxe3 Rxe3 27. Qxe3 Qe8 28. Kf1
Qxe3 29. fxe3 Kf7 30. Ke2 h6 31. e4 f5 32. e5 Ke7 33. e6 Ne8 34. Nh4 Kf6 35. Nf3
a5 36. Ke3 Ng7 37. Kf4 Nh5+ 38. Ke3 Ng3 39. Ne1 Ne4 40. g4 Ng5 41. gxf5 gxf5 42.
h4 Ne4 43. Nd3 Ng3 44. Kf4 Nh5+ 45. Ke3 Ng3 46. Nf4 h5 47. Kf3 Ne4 48. Nxh5+ Ke7
49. Ke3 Nc3 1-0

[Event "TURNIEJ O PUCHAR UKS PALAC MLODZIEZY KATOWICE Z OKAZJI DNIA NIEPODLEGLOSCI"]
[Site "Centrum Kongresow i Rekreacji Orle Gniazdo ul. Wrzosowa 28a, Szczyrk"]
[Date "1899-12-30"]
[Round "7.46"]
[White "Luka, Agnieszka"]
[Black "Kubaszewski, Piotr"]
[Result "0-1"]
[WhiteTitle "II"]
[BlackTitle "III"]
[WhiteElo "1344"]
[BlackElo "1044"]

1. d4 d5 2. c4 e6 3. cxd5 exd5 4. Nc3 Nf6 5. Bg5 Nbd7 6. Nxd5 h6 7. Nxf6+ Nxf6
8. Bh4 Bb4+ 9. Qd2 Bxd2+ 10. Kxd2 O-O 11. e3 c5 12. Nf3 Qa5+ 13. Kd1 Ne4 14. Bd3
g5 15. Bxe4 gxh4 16. Nxh4 cxd4 17. exd4 Qa4+ 18. Ke2 Qxd4 19. f3 Qxb2+ 20. Ke3
Qc3+ 21. Ke2 f5 22. Bd5+ Kg7 23. Rhc1 Qe5+ 24. Be4 fxe4 25. fxe4 Qxe4+ 26. Kd2
Qxh4 27. Rc7+ Rf7 28. Rxf7+ Kxf7 29. Rf1+ Kg8 30. Rf3 Qd4+ 31. Ke1 Qe4+ 32. Kd2
Bf5 33. h3 Rd8+ 34. Kc3 Qc2+ 35. Kb4 Rd4+ 36. Kb5 Qb2+ 37. Ka5 Qxa2+ 38. Kb5 Qc4+
39. Ka5 Qa4# 0-1

[Event "TURNIEJ O PUCHAR UKS PALAC MLODZIEZY KATOWICE Z OKAZJI DNIA NIEPODLEGLOSCI"]
[Site "Centrum Kongresow i Rekreacji Orle Gniazdo ul. Wrzosowa 28a, Szczyrk"]
[Date "1899-12-30"]
[Round "7.47"]
[White "Skrzypczynski, Kacper"]
[Black "Sloniewski, Jakub"]
[Result "1-0"]
[WhiteTitle "II"]
[BlackTitle "II"]
[WhiteElo "1340"]
[BlackElo "1021"]

1. e4 d5 2. exd5 Nf6 3. Nc3 Nxd5 4. Nxd5 Qxd5 5. Qf3 Qc5 6. Bd3 Nc6 7. Ne2 Be6
8. O-O Bd5 9. Qe3 Qxe3 10. dxe3 e5 11. e4 Be6 12. Bd2 Be7 13. f4 exf4 14. Bxf4
Bf6 15. c3 Be5 16. a3 O-O 17. Bb5 Bxf4 18. Nxf4 Bd7 19. Bxc6 Bxc6 20. Nd5 Rac8
21. Ne7+ Kh8 22. Nxc8 Rxc8 23. Rxf7 Bxe4 24. Raf1 Kg8 25. Re7 Bd5 26. Rfe1 Bc6
27. b4 a6 28. c4 b5 29. cxb5 axb5 30. Rc1 Kf8 31. Re5 Be8 32. Rec5 c6 33. Re1
g6 34. Rce5 h5 35. Rf1+ Kg8 36. Rfe1 Kf8 37. Kf2 Rd8 38. Kf3 Rd3+ 39. R1e3 1-0

[Event "TURNIEJ O PUCHAR UKS PALAC MLODZIEZY KATOWICE Z OKAZJI DNIA NIEPODLEGLOSCI"]
[Site "Centrum Kongresow i Rekreacji Orle Gniazdo ul. Wrzosowa 28a, Szczyrk"]
[Date "1899-12-30"]
[Round "7.49"]
[White "Dudek, Jan"]
[Black "Wojtas, Julia"]
[Result "0-1"]
[WhiteTitle "III"]
[BlackTitle "I"]
[WhiteElo "1106"]
[BlackElo "1306"]

1. e4 c5 2. Nf3 d6 3. Bb5+ Bd7 4. Bxd7+ Nxd7 5. d4 e6 6. Nc3 Ngf6 7. e5 dxe5 8.
dxe5 Ng4 9. h3 Ngxe5 10. Nxe5 Nxe5 11. Qxd8+ Rxd8 12. O-O Be7 13. Bf4 Nc4 14.
b3 Bf6 15. Ne4 Bxa1 16. Rxa1 Nb6 17. Nxc5 Rc8 18. Nxb7 Rxc2 19. Nd6+ Ke7 20. a4
Rd8 21. Nb5 Nd5 22. Rc1 Rxc1+ 23. Bxc1 Kf8 24. Nxa7 Kg8 25. a5 Rb8 26. a6 Rxb3
27. Nc6 Rb4 0-1

[Event "TURNIEJ O PUCHAR UKS PALAC MLODZIEZY KATOWICE Z OKAZJI DNIA NIEPODLEGLOSCI"]
[Site "Centrum Kongresow i Rekreacji Orle Gniazdo ul. Wrzosowa 28a, Szczyrk"]
[Date "1899-12-30"]
[Round "7.50"]
[White "Stanik, Szymon"]
[Black "Szych, Adam"]
[Result "0-1"]
[WhiteTitle "III"]
[BlackTitle "II"]
[WhiteElo "1001"]
[BlackElo "1376"]

1. e4 e5 2. Nf3 Nc6 3. Bc4 Bc5 4. Nc3 Nf6 5. O-O d6 6. h3 O-O 7. d3 h6 8. Be3 Bb6
9. Qd2 Na5 10. Bb3 Nxb3 11. axb3 Be6 12. Bxh6 gxh6 13. Qxh6 Nh7 14. Qd2 Qf6 15.
Nd5 Qg6 16. Ne7+ Kg7 17. Nxg6 fxg6 18. Ng5 Nxg5 19. Qxg5 Rf7 20. h4 Rh8 21. Kh1
Rh5 22. Qg3 Rf8 23. f4 Rfh8 24. Rf2 Rxh4+ 25. Kg1 Rh1# 0-1